|
|
|
|
| LEADER |
00884nam a2200241 a 4500 |
| 001 |
4138086 |
| 008 |
091019s1977 enk 001 0 eng d |
| 010 |
|
|
|a 77003733
|
| 020 |
|
|
|a 0349121508
|
| 040 |
|
|
|a DLC
|c DLC
|d DLC
|
| 082 |
0 |
0 |
|a 338.1/9
|2 18
|
| 100 |
1 |
|
|a Lappé, Frances Moore.
|
| 245 |
1 |
0 |
|a Food first /
|c Frances Moore Lappé and Joseph Collins.
|
| 260 |
|
|
|a London :
|b Abacus,
|c 1982.
|
| 300 |
|
|
|a 416 p. ;
|c 22 cm.
|
| 504 |
|
|
|a Includes index.
|
| 541 |
1 |
|
|e 00004019
|
| 650 |
|
0 |
|a Food supply.
|
| 650 |
|
0 |
|a Food consumption
|z Developing countries.
|
| 700 |
1 |
|
|a Collins, Joseph,
|d 1945-
|e joint author.
|
| 852 |
4 |
|
|a Ayesha Abed Library
|j General shelf
|
| 999 |
|
|
|c 4705
|d 4705
|
| 952 |
|
|
|0 0
|1 0
|2 ddc
|4 0
|6 338_190000000000000_LAP_1982
|7 0
|9 4495
|a BRACUL
|b BRACUL
|c GEN
|d 2009-10-19
|g 0.00
|l 0
|o 338.19 LAP
|p 3010004019
|r 2009-10-19
|t 1
|w 2009-10-19
|y BK
|x No price found in the accession register.
|